ბათუმის შოთა რუსთაველის სახელმწიფო უნივერსიტეტის ბიბლიოთეკა

ჩანაწერი Personal Name

ჩანაწერთა რაოდენობა, რომელიც გამოყენებულია: 1

001 - CONTROL NUMBER

  • control field: 10797

003 - CONTROL NUMBER IDENTIFIER

  • control field: GE_BSU

005 - DATE AND TIME OF LATEST TRANSACTION

  • control field: 20210329155703.0

008 - FIXED-LENGTH DATA ELEMENTS

  • fixed length control field: 210329|| aca||aabn | a|a d

040 ## - CATALOGING SOURCE

  • Original cataloging agency: GE_BSU
  • Transcribing agency: GE_BSU

100 ## - HEADING--PERSONAL NAME

  • Personal name: ბაკურიძე, ალექსანდრე

670 ## - SOURCE DATA FOUND

  • Source citation: Work cat.: (GE_BSU)53666: ბაკურიძე, ალექსანდრე, ∑1(X,2),∑1(X,3),∑4(X,8) კლასის ნახევარმესერებით განსაზღვრული ბინარულ მიმართებათა სრული ნახევარჯგუფები /